1105 1235 1325 1162 1432 1047 1422 1076 1056 1491 1840 1353 1545 1014 1852 1300 1054 1742 1146 1838 1536 1637 1883 1423 1642 1814 1279 1960 1747 1212 1570 1556 1047 1004 1201 1773 1727 1695 1123 1548 1031 1246 1528 1134 1180 1874 1859 1375 1728 1100 1220 1666 1284 1556 1479 1172 1465 1820 1624 1269 1300 1554 1573 1065 1308 1229 1040 1476 1256 1731 1136 1244 1321 1596 1018 1750 1006 1479 1233 1881 1711 1070 1004 1074 1579 1996 1709 1317 1304 1975 1777 1642 1028 1363 1666 1802 1354 1127 1418 BCNSPRNW ULIB Ver.6.0+V

เปลี่ยนเป็นภาษาไทย

Change to English
 แสดงรายละเอียดบรรณานุกรม
  กลับหน้าหลัก

Brief Record : Get Marc (ISO 2709) : E-mail record : QR code < ปิดหน้าต่าง
LEADER : 00000nam 2200000uu 4500
001    13399110851
003     ULIB
008    110610s2549||||th 000 0 tha d
020    9745159654
060 04 WS200^bอ841 2549
245 00 Hot issues in pediatrics /^cสมาคมกุมารแพทย์แห่งประเทศไทย ;บรรณาธิการ, อุไรวรรณ โชติเกียรติ, ชิษณุ พันธุ์เจริญ, อุษา ทิสยากร
250    พิมพ์ครั้งที่ 1
260    กรุงเทพฯ :^bสมาคมกุมารแพทย์แห่งประเทศไทย,^c2549
300    280 หน้า :^bภาพประกอบ ;^c26 ซม.
504    บรรณานุกรมและดัชนี
650  7 กุมารเวชศาสตร์
700 0  อุไรวรรณ โชติเกียรติ,^eบรรณาธิการ
700 0  อุษา ทิสยากร,^eบรรณาธิการ
700 0  ชิษณุ พันธุ์เจริญ,^eบรรณาธิการ
710 2  สมาคมกุมารแพทย์แห่งประเทศไทย
945    ^p350^l0^i018418
945    ^p350^l0^i018277
995    ทศพร
999 ^a ใช้งานได้ทุกระบบ
รายการนี้ยังไม่มีแท็ก
คุณยังไม่ได้ล็อกอิน คุณสามารถมีกิจกรรมร่วมกับเว็บไซต์ได้ แต่ต้องล็อกอินก่อน ::
  ล็อกอิน

รายการสื่อสารสนเทศ

ลำดับที่ ประเภท เลขเรียก/บาร์โค้ด สถานที่ สถานะ
- ไม่พบข้อมูล -

รายการใกล้เคียง
    หัวเรื่อง [กุมารเวชศาสตร์]

BibComment


ยังไม่เคยถูกคอมเมนท์

คอมเมนท์ทรัพยากรรายการนี้
  คอมเมนท์: Hot issues in ped..


 Copyright 2026. Bcnsprnw @Library